| 000 | 00962nmm a2200301 a 4500 | ||
|---|---|---|---|
| 001 | ocm000714375 | ||
| 003 | TR-IsHL | ||
| 005 | 20201028154358.0 | ||
| 008 | 150709s2009 tu tur | ||
| 007 | cr cn | ||
| 035 |
_a714375 _b(N$T) |
||
| 050 | 0 | 4 |
_aWG340 _b.B38 2009 |
| 090 | 0 | 4 |
_aWG340 _b.B38 2009 |
| 100 | 1 | _aBattegay, Edouard J. | |
| 245 | 1 | 0 |
_aHipertansiyon: temelleri ve uygulama _h[electronic resource] / _cEdouard J. Battegay ; Gregory Y. H. Lip, George L. Bakris; çev. ed. Ömer Kozan |
| 250 | _a1. bs. | ||
| 260 |
_aİstanbul : _bAvrupa Tıp Kitapçılık, _c2009 |
||
| 300 | _a840 p. | ||
| 650 | 4 | _aTıp | |
| 650 | 4 | _aMedicine | |
| 650 | 0 | _aYüksek tansiyon | |
| 650 | 0 | _aHypertension | |
| 650 | 7 |
_aMEDICAL / General _2bisacsh |
|
| 700 | 1 | _aLip, Gregory Y. H. | |
| 700 | 1 | _aBakris, George L. | |
| 700 | 1 | _aKozan, Ömer | |
| 856 | 4 | 0 | _uhttp://search.ebscohost.com/login.aspx?direct=true&scope=site&db=e011xww&AN=714375 |
| 999 |
_c12544 _d12544 |
||